I am an American : by famous naturalized Americans /

Bibliographic Details
Main Author: Benjamin, Robert Spiers
Corporate Author: United States. Immigration and Naturalization Service
Format: Book
Language:English
Published: New York : Alliance book corporation, 1941.
Subjects:

MARC

Tag First Indicator Second Indicator Subfields
LEADER 00000cam a2200000 4500
001 in00000053680
005 20151008050329.0
008 720929s1941 nyu 00000 eng u
010 |a  41051894  
035 |a (OCoLC)00419536 
035 |9 AAG0484AM 
040 |c WSU  |d TXA  |d UtOrBLW 
049 |a TXAM  |c [100682] 
050 0 |a E169.1  |b .B45 
092 |a 325.73  |b B468i 
100 1 |a Benjamin, Robert Spiers. 
245 1 0 |a I am an American :  |b by famous naturalized Americans /  |c edited by Robert Spiers Benjamin; with an introduction by Archibald MacLeish; forward by Francis Biddle ... 
264 1 |a New York :  |b Alliance book corporation,  |c 1941. 
300 |a 176 pages 
336 |a text  |b txt  |2 rdacontent 
337 |a unmediated  |b n  |2 rdamedia 
338 |a volume  |b nc  |2 rdacarrier 
651 0 |a United States  |x Civilization. 
650 0 |a Immigrants  |z United States. 
651 0 |a United States  |v Biography. 
710 1 |a United States.  |b Immigration and Naturalization Service. 
999 |a MARS 
999 f f |s fd99b490-08b8-3607-9066-b55995c784ea  |i 7f254e75-fb3b-3f9d-8ba2-5d04acb2fa18  |t 0 
952 f f |p ric  |a Texas A&M University  |b Rellis Campus  |c Joint Library Facility  |d Remote Storage  |t 0  |e E169.1 .B45  |h Library of Congress classification  |i unmediated -- volume  |m A14800671913 
998 f f |a E169.1 .B45  |t 0  |l Remote Storage